00724cam a22002291 45000010005000000030008000050050017000130080041000300350018000710350018000890400041001070410008001480820021001561100060001772450104002372500012003412600027003533000019003806500026003996500029004257000040004543776BD-RjUL20211208233801.0131221s1947 ii 000 0 eng  a(BD-RjUL)3810 a(OCoLC)234334 aDLCcODaWUdOCoLCdDLCdBD-RjULbeng aeng a338.14bRUR 19472 aIndian National Congress.bNational Planning Committee.10aRural marketing and finance. /cChairman, Ramdas Pantulu; secretary, Sudhir Sen; ed. by K. T. Shah. a1st ed. aBombay :bVora,c1947. a166 p.c22 cm. 0aProduce tradezIndia. 0aFarm producexMarketing.1 aShah, K. T.q(Khushal Talaksi)eed.